000 00283nam a22001217a 4500
008 170615b xxu||||| |||| 00| 0 eng d
041 _aeng
080 _a327
100 _a19
101 _aSHP
245 _aDILEMAS OF CHANGE IN BRITISH POLITICS
_cSTUDLAR.D.T
942 _2udc
_cBK
999 _c17439
_d17439